000 00729nam a2200229 a 4500
001 BRCA_5094
005 20190320204933.0
008 110210s1969----u--a######---#000-0#eng-#
041 _aeng
044 _au
050 4 _aN527
_b.F64 3 1969
245 1 0 _aFogg Art Museum acquisitions 1968
_cHarvard University. William Hayes Fogg Art Museum.
260 _aCambridge, Massachusetts
_bHarvard University
_c1969
300 _a157 p.
_bil.
_c21 cm.
500 _aVer también B244, CEF39 e I147
500 _aDD47
650 1 4 _aArte
_zCambridge, Massachusetts
_99284
650 1 4 _aGalerías y museos
_zEstados Unidos
_97437
710 2 _aHarvard University
_bWilliam Hayes Fogg Art Museum.
_99285
902 _aGFM
942 _2lcc
_cB
999 _c4788
_d4788